000 01875nam0a2200373 4500
001 RU\NLR\bibl\1157222
005 20241119160457.0
020 _aRU
_b07-06220
_9Летопись авторефератов диссертаций
021 _aRU
_b2006-27748а
_91110а
035 _a(NLR Aleph) 001143988
090 _a1435523
_c1435523
100 _a20070404d2006 u u0rusy50 ca
101 0 _arus
102 _aRU
105 _ay dm |||||
135 _acrgn 008aaaba
200 1 _aДокументы Челябинского духовного правления второй половины XVIII века в историко-лингвистическом аспекте
_e(по архивным материалам)
_eавтореф. дис. на соиск. учен. степ. канд. филол. наук
_eспециальность 10.02.01 <Рус. яз.>
_fСухина Елена Николаевна
_g[Челяб. гос. пед. ун-т]
210 _aЧелябинск
_d2006
215 _a25, [1] с.
_d21
320 _aБиблиогр.: с. 25-26 (8 назв.)
325 _aКопия доступна в Электрон. б-ке РНБ
610 0 _aЧелябинск, филол. науки
675 _a930.221(47+57)"17"
_v3
_zrus
686 _a03
_2rugasnti
686 _a63
_2rubbk
686 _a10.02.01
_2oksvnk
700 1 _aСухина
_bЕ. Н.
_gЕлена Николаевна
_4070
801 0 _aRU
_bRKP
_c20070404
_gPSBO
801 1 _aRU
_bRKP
_c20070404
801 2 _aRU
_bNLR
_c20071120
_grcr
901 _eАвторефераты
942 _cBOOK
981 1 0 _a(10) Авторефераты
_b(10) 10.00.00 Филологические науки
_b10.02.00 Языкознание
_b10.02.01 Русский язык